|
|
|
|
| LEADER |
00000nkmaa2200000 a 4500 |
| 001 |
vtls011765719 |
| 003 |
SK-MaSNL |
| 005 |
20260301053736.0 |
| 007 |
kh bo |
| 008 |
230802s1935 xr | ||00 k|cze |
| 035 |
|
|
|a urn:nbn:sk:snk-km00ejzk
|
| 035 |
|
|
|a urn:nbn:sk:snk-km45vj7
|
| 035 |
|
|
|a E888A044-EEA5-436B-B7CF-C750FB069BF2
|
| 040 |
|
|
|a SNKLA
|b slo
|c SNKLA
|e AACR2
|
| 041 |
0 |
|
|a cze
|
| 044 |
|
|
|a xr
|c CZ
|
| 110 |
2 |
|
|a J. F. Langhans (Praha, Česko)
|4 aut
|9 338271
|
| 245 |
1 |
0 |
|a [Hlavaj, Ján]
|h grafika
|
| 260 |
|
|
|a [S.l.
|b s.n.]
|c 1935
|
| 300 |
|
|
|a 1 fotografia
|b čb
|c 15 x 11 cm
|
| 520 |
2 |
|
|a Zobrazenie: Podobizeň staviteľa, kultúrneho pracovníka, verejného činiteľa Jána Hlavaja z roku 1935 (13.12.1879 Liptovský Peter - 28.4.1963 Martin). Účastník zhromaždenia, na ktorom bola prijatá Deklarácia slovenského národa.
|
| 600 |
1 |
7 |
|a Hlavaj, Ján,
|d 1879-1963
|2 SNKMA
|9 80787
|
| 655 |
|
7 |
|a portrétne fotografie
|2 SNKLA
|9 305796
|
| 852 |
7 |
|
|a Slovenská národná knižnica v Martine
|b Literárny archív
|
| 958 |
|
|
|a ZO
|
| 958 |
|
|
|a BLA
|
| 999 |
|
|
|c 609113
|d 611043
|
| 952 |
|
|
|a SNKLA
|b SNKLA
|c SNKLA_DEP
|y NEVYP
|7 0
|p 17A1227452
|o snkSH 42/1
|0 0
|1 0
|4 0
|d 2018-07-09
|f 1
|l 0
|r 2026-02-23 16:18:28
|w 2026-02-23
|